[Event "Bouches du Rhone-ch 0203"]
[Site "Provence"]
[Date "2002.10.05"]
[Round "1"]
[White "Parroco, Pierre Jean"]
[Black "Cescon, Moreno"]
[Result "1-0"]
[WhiteElo "1630"]
[BlackElo "1410"]
[PlyCount "78"]
[EventDate "2002.10.??"]
[EventType "swiss"]
[EventRounds "9"]
[EventCountry "FRA"]
[SourceTitle "EXT 2005"]
[Source "ChessBase"]
[SourceDate "2004.11.15"]
[SourceVersion "1"]
[SourceVersionDate "2004.11.15"]
[SourceQuality "1"]

1. e4 e5 2. Nf3 Nc6 3. Bb5 Bc5 4. 0-0 Nd4 5. Nxd4 Bxd4 6. c3 Bb6 7. d4 c6 8. Ba4 exd4 9. cxd4 h6 10. Nc3 Ne7 11. Be3 0-0 12. f4 d5 13. f5 dxe4 14. f6 Ng6 15. fxg7 Kxg7 16. Qd2 Kh7 17. Nxe4 f5 18. Nc3 Be6 19. Rad1 Ne5 20. Bxh6 Qxd4+ 21. Qxd4 Bxd4+ 22. Rxd4 Kxh6 23. Rd6 Rf6 24. Re1 f4 25. Rxe5 f3 26. Rexe6 Rxe6 27. Rxe6+ Kg5 28. gxf3 Kf5 29. Re4 Rd8 30. Bc2 Kf6 31. Kf2 Rh8 32. h4 b5 33. Rf4+ Ke5 34. Ke3 a5 35. Rf5+ Kd6 36. Ne4+ Kc7 37. h5 Kd7 38. Nf6+ Ke7 39. Kf4 Rf8 1-0